000
00265nam a22001217a 4500
008
181024b xxu||||| |||| 00| 0 eng d
041
_a
eng
080
_a
617
100
_a
5
101
_a
KIR
245
_a
Textbook of General Surgery
_c
Cole,W.H
942
_2
udc
_c
BK
999
_c
50836
_d
50836